Les 10 meilleurs buteurs français 2022 - Statistiques

Statistiques générales
  • Ce quiz a été pris 327 fois
  • Le résultat moyen est 8 sur 10
Statistiques - réponses
Clubs Buteurs Buts % Correct
1 PSG Kylian Mbappe 56
100%
3 Real Madrid Karim Benzema 30
98%
7 AC Milan Olivier Giroud 19
94%
2 RB Leipzig Christopher Nkunku 37
90%
10 Eintracht Francfort Randal Kolo Muani 14
84%
4 AS Monaco Wissam Ben Yedder 29
83%
9 Borussia Mönchengladbach Marcus Thuram 16
77%
5 Stade Rennais Martin Terrier 23
69%
8 Bayer Leverkusen Moussa Diaby 17
69%
6 Olympique Lyonnais Moussa Dembele 20
54%
Aucun quiz correspondant
Distribution des résultats
% des personnes avec chaque résultat
Percentile par nombre de réponses
Votre historique - résultats
Vous n’avez pas pris ce quiz